RIP RANKAWA - Trap Gatos - Estadísticas

Estadísticas generales
  • Esta prueba ha sido intentada 3 veces
  • La puntuación promedio es 200 de 399
Estadísticas de respuestas
Letra % Correcto
a
100%
acabado
100%
Bakugo
100%
cebolla
100%
como
100%
con
100%
de
100%
en
100%
ha
100%
has
100%
hay
100%
Hugo
100%
la
100%
La
100%
mamá
100%
me
100%
mentalidad
100%
misma
100%
no
100%
o
100%
pequeño
100%
que
100%
querias
100%
Rancagua
100%
se
100%
ser
100%
Vives
100%
y
100%
Yucatán
100%
al
50%
ano
50%
aprende
50%
bien
50%
bueno
50%
busca
50%
buscar
50%
Candela
50%
cantas
50%
clase
50%
compraste
50%
deberías
50%
debuto
50%
dices
50%
diciembre
50%
donde
50%
el
50%
es
50%
feliciano
50%
FIFA
50%
follar
50%
gordas
50%
gusta
50%
gustan
50%
hablar
50%
haram
50%
hora
50%
ibas
50%
instituto
50%
josé
50%
Khalifa
50%
las
50%
látex
50%
le
50%
les
50%
lo
50%
los
50%
más
50%
masturbarte
50%
Mia
50%
ni
50%
ojalá
50%
pa
50%
padres
50%
para
50%
parece
50%
pareces
50%
pelo
50%
pensabas
50%
pero
50%
pijama
50%
Piruli
50%
polla
50%
pollas
50%
por
50%
querer
50%
rifa
50%
sábados
50%
salex
50%
tapa
50%
te
50%
ti
50%
tocaste
50%
tu
50%
tus
50%
un
50%
una
50%
vas
50%
verano
50%
verdad
50%
videos
50%
viene
50%
vienes
50%
vista
50%
voy
50%
ahora
0%
Alejandro
0%
Álex
0%
amor
0%
Anguila
0%
bastante
0%
bichos
0%
boca
0%
bocao
0%
cabeza
0%
Cactus
0%
cafetería
0%
cara
0%
carneros
0%
cartel
0%
casco
0%
casper
0%
catalán
0%
cerebro
0%
Chapo
0%
chicas
0%
colchón
0%
Courtois
0%
cree
0%
crees
0%
cromosomas
0%
cuando
0%
culo
0%
currículums
0%
diciendo
0%
dile
0%
echar
0%
ella
0%
encuentras
0%
entiende
0%
entra
0%
entre
0%
erectus
0%
eres
0%
esa
0%
eso
0%
estás
0%
estornudar
0%
fondo
0%
fusión
0%
gracias
0%
guay
0%
guerra
0%
gustaban
0%
hablas
0%
hermano
0%
hombres
0%
homo
0%
homosexuales
0%
hundido
0%
ismael
0%
joder
0%
jodería
0%
juega
0%
jugar
0%
karateka
0%
ladder
0%
llega
0%
malo
0%
mandibula
0%
marica
0%
maricón
0%
mariquitas
0%
masticas
0%
media
0%
melena
0%
mira
0%
Netflix
0%
olla
0%
patios
0%
pecho
0%
perdido
0%
Peter
0%
pincho
0%
policía
0%
prefiere
0%
puros
0%
quien
0%
quiere
0%
quieres
0%
quite
0%
realidad
0%
repetido
0%
ries
0%
rodeado
0%
sabes
0%
sácate
0%
sales
0%
sapos
0%
subido
0%
tan
0%
tercero
0%
tiene
0%
tienes
0%
tonto
0%
único
0%
vaya
0%
vez
0%
ya
0%
No se encontraron pruebas coincidentes
Distribución de puntuación
Porcentaje de gente con cada puntuación
Porcentaje por número respondido
Historial de tus puntuaciones
No has intentado esta prueba.